Les noms des jeux dans Alice in Borderland - Statistiques

Statistiques générales
  • Ce quiz a été pris 269 fois
  • Le résultat moyen est 3 sur 23
Statistiques - réponses
Carte Nom du jeu % Correct
7 de coeur Cache-cache
69%
Roi de trèfle Osmose
33%
Dame de coeur Croquet
32%
4 de trèfle Distance
30%
Dame de pique Echec et mat
15%
2 de pique Ascenseur humain
14%
4 de carreau Ampoule
12%
3 de trèfle Mort ou vivant
11%
7 de pique La mort bouillante
10%
10 de coeur Chasse aux sorcières
9%
Dame de trèfle Cible
9%
Roi de pique Survie
9%
Roi de carreau Balance
8%
Valet de carreau Mahjong
8%
Roi de coeur Roi de coeur
6%
Valet de pique Valet de pique
5%
Valet de trèfle Valet de trèfle
4%
10 de trèfle Bingo dans Match Factory
3%
2 de trèfle Concours de chasse
3%
Reine de carreau Reine de carreau
3%
6 de pique Chasseur de bêtes
2%
5 de pique Un jeu de chat
2%
Valet de coeur L'isolement cellulaire
1%
Aucun quiz correspondant
Distribution des résultats
% des personnes avec chaque résultat
Percentile par nombre de réponses
Votre historique - résultats
Vous n’avez pas pris ce quiz